Statistics for Guess the Taylor Swift song with no hints ~16

Click here to take the quiz!

General Stats

  • This quiz has been taken 219 times
    (71 since last reset)
  • The average score is 154 of 245

Answer Stats

Answer% Correct
a
100%
I
100%
you
97%
You
97%
me
95%
the
95%
it
94%
and
92%
And
92%
to
92%
is
91%
I'm
89%
when
88%
do
86%
What
85%
what
85%
no
83%
so
83%
So
83%
that
83%
all
78%
All
78%
But
78%
not
78%
Of
78%
of
78%
know
77%
I've
74%
say
74%
want
74%
for
72%
If
72%
never
69%
now
69%
Now
69%
Cause
66%
Oh
66%
as
65%
been
65%
have
65%
With
65%
did
63%
just
60%
Just
60%
day
57%
there
55%
them
54%
up
54%
here
52%
will
52%
shame
51%
wanted
51%
need
49%
Every
48%
thing
43%
way
43%
very
40%
walk
40%
best
38%
made
38%
something
38%
wouldn't
38%
cold
37%
give
35%
thinking
35%
away
34%
come
34%
take
34%
perfect
32%
sitting
32%
anywhere
31%
through
31%
told
31%
put
29%
words
29%
coming
28%
damn
28%
ending
28%
feel
28%
cried
26%
given
26%
loving
26%
smile
26%
use
26%
Died
25%
died
25%
easily
25%
fight
25%
gray
25%
honey
25%
little
25%
mess
25%
shade
25%
start
25%
stood
25%
dreamer
23%
nobody
23%
rainy
23%
adore
22%
Ain't
22%
nerve
22%
story
22%
walls
22%
condescending
20%
great
20%
scars
20%
wished
20%
fake
18%
paint
18%
Countin'
17%
defending
15%

Score Distribution

Percentile by Number Answered

Percent of People with Each Score

Your Score History

You have not taken this quiz since the last reset